| Tag |
First Indicator |
Second Indicator |
Subfields |
| LEADER |
00000cam a2200000Ma 4500 |
| 001 |
in00003554681 |
| 006 |
m o d |
| 007 |
cr nn||||||||| |
| 008 |
121227s1993 nyua o 000 0 eng d |
| 005 |
20260421171033.0 |
| 020 |
|
|
|a 9781461393351 (electronic bk.)
|
| 020 |
|
|
|a 1461393353 (electronic bk.)
|
| 035 |
|
|
|a (OCoLC)840283029
|
| 040 |
|
|
|a I9W
|b eng
|e pn
|c I9W
|d OCLCQ
|d UV0
|d GW5XE
|d OCLCF
|d UtOrBLW
|
| 049 |
|
|
|a TXAM
|
| 050 |
|
4 |
|a QC770-798
|
| 082 |
0 |
4 |
|a 539.7092
|2 23
|
| 100 |
1 |
|
|a Langanke, K.
|
| 245 |
1 |
0 |
|a Computational Nuclear Physics 2 :
|b Nuclear Reactions /
|c edited by K. Langanke, J.A. Maruhn, S.E. Koonin.
|
| 264 |
|
1 |
|a New York, NY :
|b Springer New York,
|c 1993.
|
| 300 |
|
|
|a 1 online resource (XIV, 203 pages 12 illustrations)
|
| 336 |
|
|
|a text
|b txt
|2 rdacontent
|
| 337 |
|
|
|a computer
|b c
|2 rdamedia
|
| 338 |
|
|
|a online resource
|b cr
|2 rdacarrier
|
| 520 |
|
|
|a This second volume of Computational Nuclear Physics deals primarily with nuclear reactions; it thus complements the first volume, which concentrates on nuclear structure. Providing discussions of both of the relevant physics as well as the numerical methods, the chapters codify the expertise of many of the leading researchers in computation nuclear physics. The numerical methods discussed are embodied in a fortran code; sample input and test runs are also provided. All codes discussed in the book are included on a diskette; they conform to the fortran 77 standard. The subjects covered include: one-boson exchange scattering; the G-matrix in finite nuclei; the nuclear-matter effective interaction; nuclear collisions; the distorted-wave Born approximation; statistical models with angular-momentum coupling, time-dependent Hartee-Fock approximation for nuclear slabs; the Vlasov-Uehling- Uhlenbeck model; the friction model for deep-inelastic and fusion reactions; the quark model and nucleon-nucleon interactions; hadron-hadron and hadron-nucleus scattering.
|
| 500 |
|
|
|a Electronic resource.
|
| 650 |
|
0 |
|a Physics.
|
| 650 |
|
0 |
|a Numerical analysis.
|
| 650 |
|
0 |
|a Mathematical physics.
|
| 650 |
|
0 |
|a Nuclear physics.
|
| 650 |
|
0 |
|a Nuclear fusion.
|
| 650 |
|
7 |
|a Mathematical physics.
|2 fast
|0 (OCoLC)fst01012104
|
| 650 |
|
7 |
|a Nuclear fusion.
|2 fast
|0 (OCoLC)fst01040242
|
| 650 |
|
7 |
|a Nuclear physics.
|2 fast
|0 (OCoLC)fst01040386
|
| 650 |
|
7 |
|a Numerical analysis.
|2 fast
|0 (OCoLC)fst01041273
|
| 650 |
|
7 |
|a Physics.
|2 fast
|0 (OCoLC)fst01063025
|
| 655 |
|
7 |
|a Electronic books.
|2 local
|
| 700 |
1 |
|
|a Maruhn, J. A.
|
| 700 |
1 |
|
|a Koonin, S. E.
|
| 710 |
2 |
|
|a SpringerLink (Online service)
|
| 856 |
4 |
0 |
|u http://proxy.library.tamu.edu/login?url=https://link.springer.com/10.1007/978-1-4613-9335-1
|z Connect to the full text of this electronic book
|t 0
|
| 994 |
|
|
|a 92
|b TXA
|
| 999 |
|
|
|a MARS
|
| 999 |
f |
f |
|s b755de1c-0c73-32d7-88d0-ce7749afb4e9
|i 82fb4173-c051-3e22-9d70-7febcdfff229
|t 0
|
| 952 |
f |
f |
|a Texas A&M University
|b College Station
|c Electronic Resources
|s www_evans
|d Available Online
|t 0
|e QC770-798
|h Library of Congress classification
|
| 998 |
f |
f |
|a QC770-798
|t 0
|l Available Online
|